|
|
|
|
| LEADER |
01024nab#a2200289#ar4500 |
| 001 |
000070813 |
| 003 |
SVKKK |
| 005 |
20001120xxxxxxx. |
| 008 |
06 c xo huno |
| FMT |
|
|
|
| 038 |
|
|
|a SVKKK
|
| 040 |
|
|
|a SVKKK
|b slo
|e AACR2
|
| 041 |
0 |
|
|a hun
|
| 044 |
|
|
|a xo
|c SK
|
| 080 |
|
|
|a 331.97:355/359
|
| 242 |
1 |
0 |
|a Signum laudis
|
| 245 |
0 |
0 |
|a Signum laudis
|
| 520 |
2 |
|
|a Správa o udelení vojenského vyznamenanie Signum laudis nadporučíkovi Vojtechovi (Béla) Heinzelmannovi hisnyai vo februári 1917. Slúžil pri Piatom husárskom pluku.
|
| 650 |
0 |
4 |
|a Heinzelmann, Vojtech hisnyai (nadporučík) - Chyžné (RV) - pôvod - Pluk husársky (5.) - pôsobenie - Signum laudis (vyznamenanie vojenské) - február 1917 - udelenie kráľovské - správy
|
| 773 |
0 |
|
|t Murányvölgye : Szépirodalmi, társadalmi és közgazdasági hetilap
|g Roč. 7, č. 9 (04.03.1917) s. 2
|
| 957 |
|
|
|a Chyžné
|
| 958 |
|
|
|a DG
|
| 958 |
|
|
|a SK
|
| 974 |
|
|
|a ebl
|d 20001120
|
| 992 |
|
|
|a RBX
|
| BAS |
|
|
|
| 998 |
|
|
|a RETRO
|